Sports Quiz

Random Sports or NFL Quiz

World of sport in 2011 Quiz Stats

 Plays Quiz not verified by Sporcle

Challenge
Share
Tweet
Embed
Score 0/40 Timer 08:00
0 Plays Today
Date Answer % Correct
27 FebBirmingham City
58.3%
27 AugAustralia
58.3%
23 OctNew Zealand
58.3%
9 JanMan Utd
54.2%
14 MayPremier League
54.2%
30 MayWales
54.2%
7 DecBayern Munich
54.2%
10 JulFerrari
50%
23 JanNew York Jets
45.8%
19 MarSix Nations
41.7%
25 AugCeltic
41.7%
30 OctIndia
41.7%
27 NovGary Speed
41.7%
1 JanWinter Classic
37.5%
14 MayStoke City
37.5%
21 MayLeinster
37.5%
15 OctSam Warburton
37.5%
25 DecFive
37.5%
4 AugLockout
33.3%
11 NovFlorida Marlins
33.3%
Date Answer % Correct
11 JanDougie Freedman
29.2%
20 FebStaples Center
29.2%
27 MarJuan Pablo Montoya
29.2%
4 MayDerrick Rose
29.2%
11 SepWashington Redskins
29.2%
23 OctMarco Simoncelli
20.8%
6 FebCowboys Stadium
16.7%
19 MarPortland Timbers
16.7%
25 MayPhiladelphia Phillies
16.7%
31 MayAtlanta Thrashers
16.7%
13 AprPhoenix Coyotes
12.5%
7 MayJustin Verlander
12.5%
28 SepBaltimore Orioles
12.5%
20 NovTony Stewart
12.5%
6 JunMark Recchi
8.3%
19 AugJim Hendry
8.3%
7 SepLokomotiv Yaroslavl
8.3%
22 OctNicklas Lidstrom
8.3%
9 JunBob Geren
4.2%
30 AprMatthew Halischuk
0%

You're not logged in!

Compare scores with friends on all Sporcle quizzes.
OR
Log In

You Might Also Like...

Show Comments

Extras

Top Quizzes Today


Score Distribution

Your Account Isn't Verified!

In order to create a playlist on Sporcle, you need to verify the email address you used during registration. Go to your Sporcle Settings to finish the process.

Report this User

Report this user for behavior that violates our Community Guidelines.

Details: